000 00451nam a2200181 a 4500
001 13470
005 20180713201840.0
008 140415d 000 0 eng d
041 _aeng
082 _a808.833
_bGRE
100 1 _aCRANE, STEPHEN
245 1 4 _aTHE RED BADGE OF COURAGE
250 _a1a ed.
260 _a[s.l.] :
_bBANTAM,
_c[s.f.]
300 _a200
490 _aTHE GREAT HISTORICAL NOVELS€
650 1 4 _aNOVELA
999 _c13470
_d13470